Funciones químicas inorgánicas /

Guardado en:
Autor Corporativo: Ministerio de Educación.
Formato: Deslizar
Series:Parte 1
Materias:
Etiquetas: Agregar Etiqueta
Sin Etiquetas, Sea el primero en etiquetar este registro!
LEADER 00690ngm a22002175g 4500
001 CEM.cems021534
008 130507b1991##################0###0#####d
005 20240827161233.0
245 1 0 |a Funciones químicas inorgánicas /  |c Ministerio De Educación. 
300 |a 18 
490 1 |a Parte 1 
500 |a En soporte VHS, consultar en ventanilla. 
505 0 |a Oxidos. 
538 |a Soporte: VHS - Norma: Pal N - Color - Grabación Drd 1991 - Hitachi=0000 
110 2 |a Ministerio de Educación. 
082 5 4 |/ ARG 
653 |a QUIMICA 
653 |a QUIMICA INORGANICA 
653 |a OXIDOS 
653 |a NIVEL SECUNDARIO 
859 |a CEMS  |b BIB. CEMS - Depto. Recursos Didacticos  |h 546  |i ARG  |p 00177.12  |t Ej.1